000 00377pab a2200169 454500
008 180718b2012 xxu||||| |||| 00| 0 eng d
100 _aSharma, B.R.
245 _aPolice leadership - role
260 _c2012
300 _ap.17-22.
362 _aJan - Mar
650 _aLeadership
650 _aPolice
773 _aIndian Police Journal
908 _aN
909 _a95791
999 _c95791
_d95791